000 00305nam a22001217a 4500
008 180517b xxu||||| |||| 00| 0 eng d
041 _aeng
080 _a043.3
100 _a0
101 _aSHP-BA
245 _aDiplomacia Shqiptare pas Luftes se Dyte Boterore deri me sot
_cKelmendi, G
942 _2udc
_cBK
999 _c45890
_d45890